000 00359nam a2200145Ia 4500
008 230711s9999||||xx |||||||||||||| ||und||
041 _aENG
082 _a720
_bBA-A
100 _aBatley,Claude
245 4 _aThe design development of Indian Architecture
250 _a1st Ed.
260 _c1994
_aBombay
_bTaraporevala
650 _aArchitecture
942 _cBK
999 _c2661
_d2661